[Event "Saarland-ch MA 89th"]
[Site "Stennweiler"]
[Date "2014.04.14"]
[Round "4"]
[White "Gress, Alexander"]
[Black "Bastian, Herbert"]
[Result "1/2-1/2"]
[WhiteElo "2054"]
[BlackElo "2334"]
[PlyCount "71"]
[EventDate "2014.04.11"]
[EventType "swiss"]
[EventRounds "9"]
[EventCountry "GER"]
[SourceTitle "EXT 2016"]
[Source "ChessBase"]
[SourceDate "2015.10.08"]
[SourceVersion "1"]
[SourceVersionDate "2015.10.08"]
[SourceQuality "1"]

1. e4 e5 2. Nf3 Nc6 3. Bc4 Be7 4. d4 d6 5. h3 Nf6 6. Nc3 0-0 7. 0-0 Nxe4 8. Nxe4 d5 9. Bxd5 Qxd5 10. Nc3 Qd6 11. dxe5 Nxe5 12. Nxe5 Qxe5 13. Re1 Qd6 14. Bf4 Qxd1 15. Raxd1 Bb4 16. Bxc7 Bxc3 17. bxc3 Be6 18. a3 Rfc8 19. Be5 Rd8 20. Rd4 Rac8 21. Red1 Re8 22. Rb4 Bf5 23. Rd5 Bxc2 24. Bd4 Be4 25. Re5 Rxe5 26. Bxe5 Bc6 27. Rg4 g6 28. Bf6 Re8 29. Rd4 Re1+ 30. Kh2 Re6 31. Rd8+ Be8 32. Bd4 a6 33. Rb8 b5 34. Rb6 Rxb6 35. Bxb6 f5 36. Kg3 1/2-1/2

[Event "Saarland-ch MA 89th"]
[Site "Stennweiler"]
[Date "2014.04.11"]
[Round "1"]
[White "Mueller, Reinhold"]
[Black "Gress, Alexander"]
[Result "1-0"]
[WhiteElo "2256"]
[BlackElo "2054"]
[PlyCount "63"]
[EventDate "2014.04.11"]
[EventType "swiss"]
[EventRounds "9"]
[EventCountry "GER"]
[SourceTitle "EXT 2016"]
[Source "ChessBase"]
[SourceDate "2015.10.08"]
[SourceVersion "1"]
[SourceVersionDate "2015.10.08"]
[SourceQuality "1"]

1. d4 Nf6 2. Nf3 c5 3. d5 b5 4. a4 b4 5. Bg5 Ba6 6. Nbd2 d6 7. Bxf6 exf6 8. e4 Bxf1 9. Nxf1 g6 10. Ne3 Bg7 11. Nc4 0-0 12. 0-0 Nd7 13. Nfd2 Ne5 14. f4 Nxc4 15. Nxc4 Re8 16. Qd3 Qd7 17. f5 Re7 18. g4 Rae8 19. Rae1 Bh6 20. b3 Bg5 21. Re2 Bh4 22. Kh1 Kg7 23. Qh3 Bg5 24. Qg3 Rxe4 25. Rxe4 Rxe4 26. h4 h5 27. hxg5 Rxg4 28. gxf6+ Kg8 29. Qxd6 Qe8 30. Qe5 Qd7 31. Nd6 g5 32. Qe7 1-0

[Event "Oberliga Sued W 1314"]
[Site "Germany"]
[Date "2014.04.06"]
[Round "9.1"]
[White "Gress, Alexander"]
[Black "Becking, Stephan"]
[Result "0-1"]
[WhiteElo "2066"]
[BlackElo "2426"]
[PlyCount "64"]
[EventDate "2013.10.13"]
[EventType "team-tourn"]
[EventRounds "9"]
[EventCountry "GER"]
[SourceTitle "EXT 2015"]
[Source "ChessBase"]
[SourceDate "2014.11.20"]
[SourceVersion "1"]
[SourceVersionDate "2014.11.20"]
[SourceQuality "1"]
[WhiteTeam "Schwarzenbach II"]
[BlackTeam "Landau"]
[WhiteTeamCountry "GER"]
[BlackTeamCountry "GER"]

1. e4 d6 2. d4 Nf6 3. Nc3 e5 4. Nf3 Nbd7 5. Be3 Be7 6. h3 c6 7. Qd2 b5 8. Bd3 a6 9. 0-0 0-0 10. a4 Rb8 11. axb5 axb5 12. b4 Bb7 13. Rfb1 Re8 14. Ra7 Bf8 15. Bg5 exd4 16. Ne2 Qb6 17. Rba1 Nxe4 18. Qf4 c5 19. bxc5 dxc5 20. Qf5 Ndf6 21. Ng3 g6 22. Nxe4 gxf5 23. Nxf6+ Kh8 24. Nd7 Qd6 25. Nxb8 Rxb8 26. Nh4 c4 27. Bxf5 h6 28. Bc1 Qe5 29. Bg4 Qe1+ 30. Kh2 Bd6+ 31. f4 Qxh4 32. R1a5 Qf2 0-1

[Event "Oberliga Sued W 1314"]
[Site "Germany"]
[Date "2013.11.10"]
[Round "2.1"]
[White "Gress, Alexander"]
[Black "Ehringer, Andreas"]
[Result "1/2-1/2"]
[WhiteElo "2066"]
[BlackElo "2174"]
[PlyCount "115"]
[EventDate "2013.10.13"]
[EventType "team-tourn"]
[EventRounds "9"]
[EventCountry "GER"]
[SourceTitle "EXT 2015"]
[Source "ChessBase"]
[SourceDate "2014.11.20"]
[SourceVersion "1"]
[SourceVersionDate "2014.11.20"]
[SourceQuality "1"]
[WhiteTeam "Schwarzenbach II"]
[BlackTeam "Mutterstadt"]
[WhiteTeamCountry "GER"]
[BlackTeamCountry "GER"]

1. e4 d5 2. exd5 Nf6 3. d4 Nxd5 4. c4 Nb6 5. Nf3 g6 6. Nc3 Bg7 7. c5 Nd5 8. Bc4 Nxc3 9. bxc3 0-0 10. 0-0 Nc6 11. Re1 Bg4 12. Bg5 h6 13. Bh4 g5 14. Bg3 b6 15. Qe2 Na5 16. Bd3 e6 17. h3 Bf5 18. Be5 Bxd3 19. Qxd3 bxc5 20. Qb5 c6 21. Qxc5 Qd5 22. Qb4 Nc4 23. Bxg7 Kxg7 24. Ne5 Nxe5 25. Rxe5 Qd7 26. Rb1 Qc7 27. Qc4 Rab8 28. Rb3 Rb6 29. h4 gxh4 30. Qe2 Qd8 31. Qg4+ Kh7 32. Rxb6 axb6 33. Qe4+ f5 34. Qxc6 Qg5 35. Qxe6 Kh8 36. Qe7 Rf6 37. Qd8+ Kg7 38. Re7+ Rf7 39. Rxf7+ Kxf7 40. Qxg5 hxg5 41. c4 Ke6 42. f3 g4 43. fxg4 fxg4 44. Kf2 Kf5 45. a4 Ke4 46. d5 Ke5 47. Ke3 Kf5 48. c5 bxc5 49. a5 h3 50. gxh3 gxh3 51. Kf3 c4 52. a6 c3 53. a7 c2 54. a8Q c1Q 55. Qf8+ Ke5 56. Qg7+ Kxd5 57. Qd7+ Ke5 58. Qxh3 1/2-1/2

[Event "Oberliga Sued W 1213"]
[Site "Germany"]
[Date "2012.11.11"]
[Round "2.8"]
[White "Gress, Alexander"]
[Black "Vogel, Christian"]
[Result "0-1"]
[WhiteElo "2061"]
[BlackElo "2159"]
[PlyCount "62"]
[EventDate "2012.10.21"]
[EventType "team-tourn"]
[EventRounds "9"]
[EventCountry "GER"]
[SourceTitle "EXT 2019"]
[Source "ChessBase"]
[SourceDate "2018.10.10"]
[SourceVersion "1"]
[SourceVersionDate "2018.10.10"]
[SourceQuality "1"]
[WhiteTeam "Schwarzenbach Caissa"]
[BlackTeam "Saarbruecken SVG"]
[WhiteTeamCountry "GER"]
[BlackTeamCountry "GER"]

1. e4 c5 2. Nf3 e6 3. d4 cxd4 4. Nxd4 a6 5. Bd3 Bc5 6. Nb3 Be7 7. Be3 Qc7 8. Qe2 Nf6 9. f4 d6 10. N1d2 Nbd7 11. g4 h6 12. 0-0-0 b5 13. h4 h5 14. g5 Ng4 15. g6 fxg6 16. e5 0-0 17. Bxg6 dxe5 18. Bxh5 Nxe3 19. Qxe3 Rxf4 20. Rhg1 Nf6 21. Bf3 Nd5 22. Qd3 Nb4 23. Qg6 Bf6 24. Bxa8 e4 25. Bxe4 Rxe4 26. Qxe4 Nxa2+ 27. Kb1 Nc3+ 28. bxc3 Qxc3 29. Nc4 bxc4 30. Nd4 Qb4+ 31. Ka2 c3 0-1

[Event "Oberliga Sued W 1112"]
[Site "Germany"]
[Date "2012.03.18"]
[Round "8"]
[White "Gress, Alexander"]
[Black "Jurkic, Bosiljko"]
[Result "1-0"]
[WhiteElo "2061"]
[BlackElo "2090"]
[PlyCount "83"]
[EventDate "2011.09.25"]
[EventType "team-tourn"]
[EventRounds "9"]
[EventCountry "GER"]
[SourceTitle "EXT 2013"]
[Source "ChessBase"]
[SourceDate "2012.11.22"]
[SourceVersion "1"]
[SourceVersionDate "2012.11.22"]
[SourceQuality "1"]
[WhiteTeam "Schwarzenbach"]
[BlackTeam "Schott Mainz II"]
[WhiteTeamCountry "GER"]
[BlackTeamCountry "GER"]

1. e4 c5 2. Nf3 e6 3. d4 cxd4 4. Nxd4 a6 5. Bd3 Qc7 6. Qe2 Bc5 7. Nb3 Be7 8. 0-0 d6 9. c4 Nc6 10. Nc3 Ne5 11. Be3 Nxd3 12. Qxd3 Bd7 13. Rfd1 Rd8 14. Rac1 Nf6 15. Bf4 0-0 16. c5 e5 17. cxd6 Bxd6 18. Qxd6 Qxd6 19. Rxd6 exf4 20. Rcd1 Rde8 21. Rxf6 gxf6 22. Rxd7 f5 23. f3 fxe4 24. Nxe4 f5 25. Nc3 b5 26. a3 Rd8 27. Rxd8 Rxd8 28. Kf2 b4 29. axb4 Rb8 30. b5 axb5 31. Nd5 Ra8 32. Nxf4 Rc8 33. Nd4 b4 34. Nd3 Rc4 35. Ke3 Kf8 36. g3 h5 37. Nxf5 Rc2 38. h3 b3 39. Nd4 Rh2 40. Nf2 Rg2 41. g4 hxg4 42. hxg4 1-0

[Event "Oberliga Sued W 1112"]
[Site "Germany"]
[Date "2012.02.26"]
[Round "7"]
[White "Gress, Alexander"]
[Black "Klein, Christoph"]
[Result "1/2-1/2"]
[WhiteElo "2061"]
[BlackElo "2136"]
[PlyCount "63"]
[EventDate "2011.09.25"]
[EventType "team-tourn"]
[EventRounds "9"]
[EventCountry "GER"]
[SourceTitle "EXT 2013"]
[Source "ChessBase"]
[SourceDate "2012.11.22"]
[SourceVersion "1"]
[SourceVersionDate "2012.11.22"]
[SourceQuality "1"]
[WhiteTeam "Schwarzenbach"]
[BlackTeam "Heidesheim"]
[WhiteTeamCountry "GER"]
[BlackTeamCountry "GER"]

1. e4 c6 2. d4 d5 3. exd5 cxd5 4. c4 Nf6 5. Nc3 Nc6 6. Nf3 Bg4 7. Be3 e6 8. c5 Be7 9. Bd3 0-0 10. 0-0 Bxf3 11. gxf3 e5 12. Bb5 Qc7 13. dxe5 Qxe5 14. Re1 Qh5 15. Bd4 Nd7 16. f4 Qxd1 17. Raxd1 Bd8 18. Nxd5 Nxd4 19. Rxd4 Nxc5 20. f5 a6 21. Bc4 b5 22. b4 Na4 23. Bb3 Ra7 24. Bxa4 bxa4 25. Rc1 Re8 26. Rc8 Kf8 27. Nc3 Bf6 28. Rxe8+ Kxe8 29. Re4+ Kd7 30. Nxa4 Kc6 31. Nc5 a5 32. a3 1/2-1/2

[Event "Oberliga Sued W 1112"]
[Site "Germany"]
[Date "2011.11.13"]
[Round "3"]
[White "Gress, Alexander"]
[Black "Thieme Garmann, Alexander"]
[Result "1-0"]
[WhiteElo "2061"]
[BlackElo "2133"]
[PlyCount "119"]
[EventDate "2011.09.25"]
[EventType "team-tourn"]
[EventRounds "9"]
[EventCountry "GER"]
[SourceTitle "EXT 2013"]
[Source "ChessBase"]
[SourceDate "2012.11.22"]
[SourceVersion "1"]
[SourceVersionDate "2012.11.22"]
[SourceQuality "1"]
[WhiteTeam "Schwarzenbach"]
[BlackTeam "Koblenz"]
[WhiteTeamCountry "GER"]
[BlackTeamCountry "GER"]

1. e4 e6 2. d4 d5 3. e5 b6 4. Nf3 Qd7 5. Be2 Ba6 6. 0-0 Ne7 7. Nbd2 Bxe2 8. Qxe2 Nf5 9. Nb3 a5 10. Be3 a4 11. Nbd2 Be7 12. c4 c6 13. Rac1 a3 14. b3 0-0 15. Rc3 Qb7 16. cxd5 cxd5 17. Rfc1 Na6 18. Nb1 Rfc8 19. Bd2 Rxc3 20. Nxc3 h5 21. Qb5 Nc7 22. Qd3 b5 23. Qc2 Na6 24. Ne2 h4 25. g4 hxg3 26. hxg3 g6 27. g4 Ng7 28. Nf4 Qd7 29. Nd3 Ne8 30. Kg2 Ra7 31. Qc8 Kg7 32. Nfe1 Qxc8 33. Rxc8 Nac7 34. Nc2 Ra8 35. Rxa8 Nxa8 36. Bb4 Kf8 37. Nxa3 Nec7 38. Nc2 Bxb4 39. Ncxb4 Nb6 40. Kf3 Ke8 41. Kf4 Nd7 42. Kg5 Na8 43. Na6 Kd8 44. Ndc5 Nxc5 45. Nxc5 Ke7 46. a4 bxa4 47. bxa4 Nb6 48. a5 Nc8 49. a6 Na7 50. Nb3 Nb5 51. Na5 Na7 52. f3 Kd7 53. Kf6 Kc7 54. Kxf7 Kb6 55. Nb7 Nb5 56. Kxe6 Nxd4+ 57. Kxd5 Nxf3 58. e6 Nh2 59. e7 Nxg4 60. Ke6 1-0

[Event "Berlin Lichtenberger op 10th"]
[Site "Berlin"]
[Date "2011.08.20"]
[Round "8"]
[White "Gress, Alexander"]
[Black "Lagunow, Raphael"]
[Result "1-0"]
[WhiteElo "2061"]
[BlackElo "1749"]
[PlyCount "65"]
[EventDate "2011.08.13"]
[EventType "swiss"]
[EventRounds "9"]
[EventCountry "GER"]
[SourceTitle "CBM 143 Extra"]
[Source "ChessBase"]
[SourceDate "2011.08.29"]
[SourceVersion "1"]
[SourceVersionDate "2011.08.29"]
[SourceQuality "1"]

1. e4 c5 2. Nf3 Nc6 3. Bc4 e6 4. Nc3 Nf6 5. 0-0 d5 6. e5 dxc4 7. exf6 Qxf6 8. Re1 Be7 9. Ne4 Qg6 10. Qe2 0-0 11. Qxc4 b6 12. d4 Nxd4 13. Nxd4 cxd4 14. Qc7 Bb4 15. c3 dxc3 16. bxc3 Ba5 17. Ba3 Ba6 18. Bxf8 Rxf8 19. Rad1 f5 20. Nd6 Qf6 21. Qxa7 Bc8 22. Nxc8 Rxc8 23. Qd7 Rf8 24. Qxe6+ Qxe6 25. Rxe6 Bxc3 26. Rxb6 Ra8 27. Rb3 Bf6 28. a3 Kf7 29. g3 Ke6 30. Rd2 Ra4 31. Kg2 Be7 32. Re2+ Kd6 33. Rd3+ 1-0